[Event "PRVA LIGA CS 2020"]
[Site "Bajina basta"]
[Date "2020.10.11"]
[Round "2.1"]
[White "Ivic, Velimir"]
[Black "Narancic, Vlado"]
[Result "1-0"]
[WhiteElo "2548"]
[BlackElo "2281"]
[PlyCount "109"]
[EventDate "2020.10.10"]
[WhiteTeam "POZEGA - Pozega"]
[BlackTeam "VSK SVETI NIKOLAJ SRPSKI - Valjevo"]

1. e4 d6 2. d4 Nf6 3. Nc3 c6 4. f4 Qa5 5. Bd3 e5 6. Nf3 Nbd7 7. O-O Be7 8. Kh1
O-O 9. Qe1 Re8 10. Bd2 Qc7 11. Qf2 b5 12. Ne2 Bf8 13. Ng3 a6 14. c3 c5 15. fxe5
dxe5 16. d5 c4 17. Bc2 Bc5 18. Qe2 Nf8 19. Nh4 Bg4 20. Qe1 Ng6 21. Ngf5 Nf4 22.
h3 Bxf5 23. Nxf5 g6 24. Nh4 Bf8 25. Be3 Nd7 26. Nf3 f6 27. g3 Nh5 28. Nh2 Be7
29. Ng4 Nc5 30. Kg2 Kh8 31. Qe2 Rf8 32. Rf3 Rae8 33. Raf1 Nd7 34. Qd2 Qd6 35.
Qd1 Rf7 36. R1f2 Bf8 37. Nh6 Rfe7 38. Qf1 Bg7 39. Nf5 gxf5 40. Rxf5 Nxg3 41.
Kxg3 Rg8 42. Kh2 Rf7 43. Rg2 Bf8 44. Rxg8+ Kxg8 45. Bd1 Bg7 46. Bg4 Nc5 47. Rh5
Nxe4 48. Be6 Nc5 49. Bxf7+ Kxf7 50. Qg2 h6 51. Bxh6 Bxh6 52. Rxh6 Nd7 53. Rh7+
Ke8 54. Qg8+ Nf8 55. Ra7 1-0

[Event "PRVA LIGA CS 2020"]
[Site "Bajina basta"]
[Date "2020.10.11"]
[Round "2.1"]
[White "Djoric, Dusan"]
[Black "Perunovic, Miodrag"]
[Result "0-1"]
[WhiteElo "2303"]
[BlackElo "2440"]
[PlyCount "83"]
[EventDate "2020.10.10"]
[WhiteTeam "VSK SVETI NIKOLAJ SRPSKI - Valjevo"]
[BlackTeam "POZEGA - Pozega"]

1. d4 Nf6 2. Nf3 g6 3. c4 Bg7 4. g3 O-O 5. Bg2 d6 6. Nc3 Nc6 7. O-O Bg4 8. h3
Bxf3 9. Bxf3 Nd7 10. Bxc6 bxc6 11. b3 c5 12. Be3 cxd4 13. Bxd4 Ne5 14. Kg2 c5
15. Bxe5 Bxe5 16. Rc1 Qa5 17. Qd2 Rfe8 18. Rfd1 Rad8 19. e4 Qc7 20. Ne2 e6 21.
Qe3 Qc6 22. Qf3 Rf8 23. Rd3 Rd7 24. Rcd1 Qc7 25. Qe3 Rfd8 26. Ng1 Bd4 27. Qe2
d5 28. cxd5 exd5 29. exd5 Re7 30. Qc2 Qb7 31. Nf3 Qxd5 32. Qc4 Qa8 33. b4 Rc8
34. bxc5 Bxc5 35. Qh4 Rce8 36. Rd5 Bb6 37. R5d2 Kg7 38. Qc4 Re4 39. Qc3+ Kg8
40. Kf1 Re3 41. fxe3 Qxf3+ 42. Kg1 0-1

[Event "PRVA LIGA CS 2020"]
[Site "Bajina basta"]
[Date "2020.10.11"]
[Round "2.1"]
[White "Pavlovic, Dejan S"]
[Black "Bozic, Milan"]
[Result "0-1"]
[WhiteElo "2390"]
[BlackElo "2270"]
[PlyCount "80"]
[EventDate "2020.10.10"]
[WhiteTeam "POZEGA - Pozega"]
[BlackTeam "VSK SVETI NIKOLAJ SRPSKI - Valjevo"]

1. e4 e5 2. Nf3 d6 3. d4 Nd7 4. Bc4 c6 5. O-O Be7 6. a4 a5 7. Nc3 Ngf6 8. Re1
O-O 9. Ba2 Rb8 10. h3 b5 11. axb5 cxb5 12. Nd5 Nxd5 13. exd5 e4 14. Rxe4 Nf6
15. Re1 Bb7 16. Qe2 Re8 17. Qxb5 Bxd5 18. Qd3 Qb6 19. Bxd5 Nxd5 20. Bd2 Nb4 21.
Bxb4 axb4 22. Qb3 Kf8 23. Qd5 Qc7 24. Re2 Bf6 25. Rae1 Rxe2 26. Rxe2 h6 27. Nd2
g6 28. Nc4 Rd8 29. Re4 Kg7 30. Rf4 Bg5 31. Rf3 Qe7 32. g3 Bf6 33. Kg2 Qa7 34.
c3 bxc3 35. bxc3 Qd7 36. h4 h5 37. Nd2 Qe6 38. Qxe6 fxe6 39. Ne4 Be7 40. Re3 e5
0-1

[Event "PRVA LIGA CS 2020"]
[Site "Bajina basta"]
[Date "2020.10.11"]
[Round "2.1"]
[White "Popovic, Nenad"]
[Black "Radovanovic, Dusan"]
[Result "1-0"]
[WhiteElo "2249"]
[BlackElo "2326"]
[PlyCount "95"]
[EventDate "2020.10.10"]
[WhiteTeam "VSK SVETI NIKOLAJ SRPSKI - Valjevo"]
[BlackTeam "POZEGA - Pozega"]

1. d4 Nf6 2. c4 g6 3. Nc3 Bg7 4. e4 d6 5. Nge2 O-O 6. f3 Nc6 7. Be3 a6 8. Qd2
Rb8 9. g4 b5 10. Ng3 e5 11. d5 Nd4 12. Bg2 bxc4 13. Nge2 Nd7 14. O-O Nc5 15.
Nxd4 exd4 16. Bxd4 Rxb2 17. Qe3 Bxd4 18. Qxd4 Qg5 19. Nd1 Rd2 20. h4 Rxd4 21.
hxg5 Bd7 22. Rf2 Rb8 23. Bf1 Ba4 24. Nc3 Rb4 25. Kg2 Bb5 26. Rc2 Na4 27. a3 Rb2
28. Rxb2 Nxb2 29. a4 Rd2+ 30. Kg3 Bd7 31. Kf4 Rc2 32. Ra3 Kg7 33. Be2 a5 34.
Ke3 f6 35. gxf6+ Kxf6 36. f4 g5 37. e5+ dxe5 38. Ne4+ Ke7 39. fxe5 h6 40. Nf6
Bxa4 41. Ng8+ Kd7 42. e6+ Kd6 43. Nxh6 Be8 44. Rxa5 c6 45. Nf5+ Ke5 46. d6+ c5
47. d7 Bxd7 48. exd7 1-0

[Event "I Liga Centralne Srbije"]
[Site "Bajina Bašta, Serbia"]
[Date "2020.10.11"]
[Round "2.2"]
[White "Celik, Hasan Huseyin"]
[Black "Brenjo, Slavisa"]
[Result "1/2-1/2"]
[WhiteElo "1970"]
[BlackElo "2412"]
[Annotator "Knez"]
[PlyCount "96"]
[EventDate "2020.??.??"]
[TimeControl "90"]
[WhiteClock "0:01:18"]
[BlackClock "0:15:24"]

1. d4 {[%emt 0:00:00]} d5 {[%emt 0:00:00]} 2. c4 {[%emt 0:00:00]} e6 {[%emt 0:
00:00]} 3. cxd5 {[%emt 0:00:00]} exd5 {[%emt 0:00:00]} 4. Nc3 {[%emt 0:00:00]}
c5 {[%emt 0:00:00]} 5. Nf3 {[%emt 0:00:00]} Nc6 {[%emt 0:00:00]} 6. dxc5 {
[%emt 0:00:00]} d4 {[%emt 0:00:00]} 7. Na4 {[%emt 0:00:00]} Bxc5 {[%emt 0:00:
00]} 8. Nxc5 {[%emt 0:00:00]} Qa5+ {[%emt 0:00:00]} 9. Bd2 {[%emt 0:00:00]}
Qxc5 {[%emt 0:00:00]} 10. Rc1 {[%emt 0:00:00]} Qb6 {[%emt 0:00:00]} 11. e3 {
[%emt 0:00:00]} Nf6 {[%emt 0:00:00]} 12. Bc4 {[%emt 0:00:00]} dxe3 {[%emt 0:00:
00]} 13. Bxe3 {[%emt 0:00:00]} Qb4+ {[%emt 0:00:00]} 14. Qd2 {[%emt 0:00:00]}
Qxd2+ {[%emt 0:00:00]} 15. Bxd2 {[%emt 0:00:00]} O-O {[%emt 0:00:00]} 16. O-O {
[%emt 0:00:00]} Bg4 {[%emt 0:00:00]} 17. Rfe1 {[%emt 0:00:00]} Bxf3 {[%emt 0:
00:00]} 18. gxf3 {[%emt 0:00:00]} Rfd8 {[%emt 0:00:00]} 19. Bg5 {[%emt 0:00:00]
} h6 {[%emt 0:00:00]} 20. Be3 {[%emt 0:00:00]} Ne5 {[%emt 0:00:00]} 21. Be2 {
[%emt 0:00:00]} Nd3 {[%emt 0:00:00]} 22. Bxd3 {[%emt 0:00:00]} Rxd3 {[%emt 0:
00:00]} 23. Rc7 {[%emt 0:00:00]} b6 {[%emt 0:00:00]} 24. Rec1 {[%emt 0:00:00]}
Nd5 {[%emt 0:00:00]} 25. Rd7 {[%emt 0:00:00]} Re8 {[%emt 0:00:00]} 26. h4 {
[%emt 0:00:00]} f5 {[%emt 0:00:00]} 27. Rcc7 {[%emt 0:00:00]} Nxc7 {[%emt 0:00:
00]} 28. Rxd3 {[%emt 0:00:00]} Re7 {[%emt 0:00:00]} 29. Kg2 {[%emt 0:00:00]}
Kf7 {[%emt 0:00:00]} 30. Kg3 {[%emt 0:00:00]} Ke6 {[%emt 0:00:00]} 31. Rc3 {
[%emt 0:00:00]} Nd5 {[%emt 0:00:00]} 32. Rc6+ {[%emt 0:00:00]} Kf7 {[%emt 0:00:
00]} 33. Bd4 {[%emt 0:00:00]} Re6 {[%emt 0:00:00]} 34. Rxe6 {[%emt 0:00:00]}
Kxe6 {[%emt 0:00:00]} 35. Bxg7 {[%emt 0:00:00]} h5 {[%emt 0:00:00]} 36. f4 {
[%emt 0:00:00]} Kd6 {[%emt 0:00:00]} 37. Kf3 {[%emt 0:00:00]} Kc5 {[%emt 0:00:
00]} 38. Be5 {[%emt 0:00:00]} a5 {[%emt 0:00:00]} 39. Ke2 {[%emt 0:00:00]} a4 {
[%emt 0:00:00]} 40. Kd2 {[%emt 0:00:00]} b5 {[%emt 0:00:00]} 41. f3 {[%emt 0:
00:00]} Kc4 {[%emt 0:00:24]} 42. b3+ {[%emt 0:00:00]} axb3 {[%emt 0:00:00]} 43.
axb3+ {[%emt 0:00:00]} Kc5 {[%emt 0:00:03]} 44. Kd3 {[%emt 0:00:00]} Nb4+ {
[%emt 0:00:00]} 45. Kc3 {[%emt 0:00:00]} Nc6 {[%emt 0:00:00]} 46. Bf6 {[%emt 0:
00:00]} Kd5 {[%emt 0:00:00]} 47. b4 {[%emt 0:00:00]} Nb8 {[%emt 0:00:00]} 48.
Kd3 {[%emt 0:00:00]} Nc6 {[%emt 0:00:00]} 1/2-1/2

[Event "I Liga Centralne Srbije"]
[Site "Bajina Bašta, Serbia"]
[Date "2020.10.11"]
[Round "2.2"]
[White "Dizdarevic, Emir"]
[Black "Irizanin, Radoje"]
[Result "1-0"]
[WhiteElo "2444"]
[BlackElo "2331"]
[Annotator "Knez"]
[PlyCount "49"]
[EventDate "2020.??.??"]
[TimeControl "90"]
[WhiteClock "0:00:33"]
[BlackClock "0:28:00"]

1. Nf3 {[%emt 0:00:00]} b6 {[%emt 0:00:00]} 2. g3 {[%emt 0:00:00]} Bb7 {
[%emt 0:00:00]} 3. Bg2 {[%emt 0:00:00]} e5 {[%emt 0:00:00]} 4. c4 {[%emt 0:00:
00]} e4 {[%emt 0:00:00]} 5. Nh4 {[%emt 0:00:00]} g5 {[%emt 0:00:00]} 6. Nf5 {
[%emt 0:00:00]} Ne7 {[%emt 0:00:00]} 7. Ne3 {[%emt 0:00:00]} Bg7 {[%emt 0:00:
00]} 8. d3 {[%emt 0:00:00]} f5 {[%emt 0:00:00]} 9. dxe4 {[%emt 0:00:00]} fxe4 {
[%emt 0:00:00]} 10. Nd2 {[%emt 0:00:00]} O-O {[%emt 0:00:00]} 11. Nxe4 {
[%emt 0:00:00]} Bxe4 {[%emt 0:00:00]} 12. Bxe4 {[%emt 0:00:00]} Nbc6 {[%emt 0:
00:00]} 13. h4 {[%emt 0:00:00]} g4 {[%emt 0:00:00]} 14. Nxg4 {[%emt 0:00:00]}
Kh8 {[%emt 0:00:00]} 15. h5 {[%emt 0:00:00]} Nf5 {[%emt 0:00:00]} 16. h6 {
[%emt 0:00:00]} Bd4 {[%emt 0:00:00]} 17. e3 {[%emt 0:00:00]} Qe7 {[%emt 0:00:
00]} 18. Bd5 {[%emt 0:00:00]} Ne5 {[%emt 0:00:35]} 19. Bxa8 {[%emt 0:00:00]} c6
{[%emt 0:00:00]} 20. Nxe5 {[%emt 0:00:00]} Bxe5 {[%emt 0:00:00]} 21. Qd3 {
[%emt 0:00:00]} Nxg3 {[%emt 0:00:18]} 22. fxg3 {[%emt 0:00:00]} Bxg3+ {[%emt 0:
00:00]} 23. Kd1 {[%emt 0:00:00]} Rf2 {[%emt 0:00:00]} 24. Bd2 {[%emt 0:00:00]}
Qe6 {[%emt 0:00:04]} 25. Qd4+ {[%emt 0:00:00]} 1-0

[Event "PRVA LIGA CS 2020"]
[Site "Bajina basta"]
[Date "2020.10.11"]
[Round "2.2"]
[White "Gavrilovic, Leonardo"]
[Black "Ravic, Nenad"]
[Result "0-1"]
[WhiteElo "2246"]
[BlackElo "2241"]
[PlyCount "84"]
[EventDate "2020.10.10"]
[WhiteTeam "BORAC - Cacak"]
[BlackTeam "SLOGA - Kraljevo"]

1. Nf3 Nf6 2. c4 g6 3. g3 Bg7 4. Bg2 O-O 5. O-O d6 6. d4 c5 7. Nc3 Nc6 8. h3
cxd4 9. Nxd4 Nxd4 10. Qxd4 Be6 11. Qh4 Rc8 12. b3 Rc5 13. Bf3 Qa5 14. Bb2 g5
15. Qd4 Nd7 16. Qd2 Bxh3 17. Rfd1 Ne5 18. Bxb7 Rb8 19. Bd5 e6 20. Qxg5 exd5 21.
Nxd5 Qd8 22. Qc1 Bg4 23. f4 Ng6 24. Bxg7 Kxg7 25. Qc3+ f6 26. b4 Rc6 27. Rd4
Be6 28. Ne3 Ne7 29. Re4 d5 30. Rd4 Qc8 31. c5 a5 32. a3 axb4 33. axb4 Ra6 34.
Rdd1 Rxa1 35. Rxa1 Nc6 36. Nc2 Qb7 37. Rb1 Qb5 38. Na3 Qxe2 39. b5 d4 40. Qe1
d3 41. bxc6 Rxb1 42. Qxb1 d2 0-1

[Event "I Liga Centralne Srbije"]
[Site "Bajina Bašta, Serbia"]
[Date "2020.10.11"]
[Round "2.2"]
[White "Djakovac, Enes"]
[Black "Roljevic, Djordje"]
[Result "1/2-1/2"]
[WhiteElo "2165"]
[BlackElo "2177"]
[Annotator "Knez"]
[PlyCount "100"]
[EventDate "2020.??.??"]
[TimeControl "90"]

1. e4 {[%emt 0:10:00]} e5 {[%emt 0:00:08]} 2. Nf3 {[%emt 0:00:19]} Nc6 {
[%emt 0:00:08]} 3. Bc4 {[%emt 0:00:17]} Bc5 {[%emt 0:00:10]} 4. O-O {[%emt 0:
00:18]} d6 {[%emt 0:00:13]} 5. c3 {[%emt 0:03:22]} Nf6 {[%emt 0:00:27]} 6. d3 {
[%emt 0:11:05]} a6 {[%emt 0:00:25]} 7. Bg5 {[%emt 0:02:35]} h6 {[%emt 0:00:40]}
8. Bh4 {[%emt 0:01:31]} Ba7 {[%emt 0:05:24]} 9. a4 {[%emt 0:07:01]} g5 {
[%emt 0:02:46]} 10. Bg3 {[%emt 0:13:22]} Bg4 {[%emt 0:06:50]} 11. Nbd2 {
[%emt 0:04:27]} O-O {[%emt 0:11:26]} 12. Qc2 {[%emt 0:03:57]} Nh5 {[%emt 0:01:
01]} 13. Kh1 {[%emt 0:09:53]} Qf6 {[%emt 0:03:03]} 14. h3 {[%emt 0:04:29]} Bd7
{[%emt 0:00:38]} 15. Rae1 {[%emt 0:05:53]} Rae8 {[%emt 0:03:59]} 16. Nh2 {
[%emt 0:08:27]} Nf4 {[%emt 0:00:24]} 17. f3 {[%emt 0:03:33]} Qg6 {[%emt 0:08:
00]} 18. Ba2 {[%emt 0:08:21]} h5 {[%emt 0:04:45]} 19. b4 {[%emt 0:04:14]} Kg7 {
[%emt 0:01:04]} 20. Nc4 {[%emt 0:00:54]} Be6 {[%emt 0:05:15]} 21. Ne3 {[%emt 0:
00:16]} Nxd3 {[%emt 0:06:18]} 22. Qxd3 {[%emt 0:00:49]} Bxa2 {[%emt 0:00:06]}
23. b5 {[%emt 0:00:27]} Na5 {[%emt 0:11:14]} 24. Re2 {[%emt 0:02:31]} Bxe3 {
[%emt 0:02:55]} 25. Rxa2 {[%emt 0:00:02]} Bb6 {[%emt 0:03:36]} 26. bxa6 {
[%emt 0:00:30]} bxa6 {[%emt 0:00:40]} 27. Qxa6 {[%emt 0:00:14]} Qe6 {[%emt 0:
01:10]} 28. Raa1 {[%emt 0:00:16]} Nc4 {[%emt 0:05:53]} 29. Bf2 {[%emt 0:00:27]}
Ra8 {[%emt 0:05:34]} 30. Qb5 {[%emt 0:00:22]} Ra5 {[%emt 0:01:19]} 31. Qb3 {
[%emt 0:03:09]} Rfa8 {[%emt 0:01:57]} 32. Qd1 {[%emt 0:01:13]} Qd7 {[%emt 0:04:
46]} 33. f4 {[%emt 0:00:31]} exf4 {[%emt 0:01:07]} 34. Qxh5 Nd2 {[%emt 0:01:05]
} 35. Bxb6 {[%emt 0:00:23]} cxb6 {[%emt 0:01:06]} 36. Rfe1 {[%emt 0:00:15]} f6
{[%emt 0:00:44]} 37. Ng4 {[%emt 0:00:47]} Rh8 {[%emt 0:00:22]} 38. Nxf6 {
[%emt 0:00:02]} Rxh5 {[%emt 0:01:23]} 39. Nxd7 {[%emt 0:00:02]} g4 {[%emt 0:00:
43]} 40. Ra2 {[%emt 0:00:30]} Nc4 {[%emt 0:00:53]} 41. Kh2 {[%emt 0:00:19]} f3
{[%emt 0:00:16]} 42. Kg3 {[%emt 0:00:10]} fxg2 {[%emt 0:00:26]} 43. hxg4 {
[%emt 0:00:05]} Rh1 {[%emt 0:00:24]} 44. Raa1 {[%emt 0:00:13]} Rxe1 {[%emt 0:
01:10]} 45. Rxe1 {[%emt 0:00:01]} Rxa4 {[%emt 0:00:16]} 46. Kxg2 {[%emt 0:00:
02]} b5 {[%emt 0:00:32]} 47. e5 {[%emt 0:01:33]} dxe5 {[%emt 0:00:16]} 48. Nxe5
{[%emt 0:00:10]} Nxe5 {[%emt 0:00:09]} 49. Rxe5 {[%emt 0:00:33]} Rxg4+ {
[%emt 0:00:26]} 50. Kf2 {[%emt 0:00:15]} Rc4 {[%emt 0:00:07]} 1/2-1/2

[Event "PRVA LIGA CS 2020"]
[Site "Bajina basta"]
[Date "2020.10.11"]
[Round "2.3"]
[White "Dudin, Gleb"]
[Black "Kojovic, Dragan"]
[Result "1/2-1/2"]
[WhiteElo "2386"]
[BlackElo "2307"]
[PlyCount "81"]
[EventDate "2020.10.10"]
[WhiteTeam "OSK PARACIN - Paracin"]
[BlackTeam "METALAC - G.Milanovac"]

1. d4 Nf6 2. c4 c5 3. d5 b5 4. cxb5 a6 5. bxa6 Bxa6 6. Nc3 g6 7. Nf3 d6 8. e4
Bxf1 9. Kxf1 Bg7 10. g3 O-O 11. Kg2 Nbd7 12. a4 Ra6 13. Qe2 Qa8 14. Rd1 Rb8 15.
Ra3 Ne8 16. Bf4 Bxc3 17. Rxc3 Rxa4 18. e5 Nb6 19. Rcd3 Nc4 20. exd6 exd6 21.
Bc1 Ng7 22. b3 Ra2 23. Qe7 Re8 24. Qd7 Rd8 25. Qc6 Nb2 26. Bxb2 Rxb2 27. Ng5
Qxc6 28. dxc6 Nf5 29. Ne4 Nd4 30. Rc3 Nxc6 31. Rxd6 Rxd6 32. Nxd6 Ne5 33. Rxc5
Ng4 34. Rc8+ Kg7 35. Ne4 f5 36. Rc7+ Kg8 37. h3 fxe4 38. hxg4 e3 39. Kf3 exf2
40. Kg2 Rxb3 41. Kxf2 1/2-1/2

[Event "PRVA LIGA CS 2020"]
[Site "Bajina basta"]
[Date "2020.10.11"]
[Round "2.3"]
[White "Ostojic, Nikola"]
[Black "Djordjevic, Vuk"]
[Result "1-0"]
[WhiteElo "2406"]
[BlackElo "2347"]
[PlyCount "155"]
[EventDate "2020.10.10"]
[WhiteTeam "METALAC - G.Milanovac"]
[BlackTeam "OSK PARACIN - Paracin"]

1. Nf3 Nf6 2. c4 e6 3. Nc3 Bb4 4. Qc2 O-O 5. a3 Bxc3 6. Qxc3 d6 7. e3 b6 8. b4
Bb7 9. Bb2 Nbd7 10. Be2 c5 11. O-O Rc8 12. d3 Qe7 13. b5 a5 14. bxa6 Bxa6 15.
a4 e5 16. Nd2 Nb8 17. Qb3 Nc6 18. Bf3 Qc7 19. Nb1 Bb7 20. Nc3 Rfd8 21. Nb5 Qe7
22. Bc3 Rb8 23. Rfb1 Qd7 24. Qb2 h6 25. h3 Re8 26. Bd5 Nxd5 27. cxd5 Ne7 28. e4
Ng6 29. Bd2 f5 30. Nxd6 Qxd6 31. Qxb6 Red8 32. Qxd6 Rxd6 33. Rb5 fxe4 34. dxe4
Ra6 35. a5 Kh7 36. Rab1 Ra7 37. Be3 Rc8 38. Rxb7 Rxa5 39. Rf7 Ra4 40. Rbb7 Rg8
41. Bxc5 Rxe4 42. d6 Nf4 43. d7 Ne6 44. Bb6 Nd8 45. Bxd8 Rxd8 46. Re7 Rd4 47.
h4 Kg6 48. Rb6+ Kh7 49. Rb7 Kg6 50. Rb6+ Kh7 51. Rxe5 R8xd7 52. g3 R4d5 53.
Rxd5 Rxd5 54. Kg2 h5 55. Kf3 Rf5+ 56. Ke3 g6 57. Rb7+ Kh6 58. f3 Re5+ 59. Kf4
Rf5+ 60. Ke4 Ra5 61. Rb4 Kg7 62. g4 g5 63. hxg5 Rxg5 64. Rb7+ Kf6 65. Kf4 Ra5
66. g5+ Kg6 67. Rb6+ Kg7 68. Rh6 Ra4+ 69. Kg3 Ra1 70. f4 Ra3+ 71. Kh4 Ra4 72.
Rf6 Ra1 73. Kxh5 Rh1+ 74. Kg4 Ra1 75. Rb6 Ra5 76. Rb7+ Kf8 77. f5 Rc5 78. f6
1-0

[Event "PRVA LIGA CS 2020"]
[Site "Bajina basta"]
[Date "2020.10.11"]
[Round "2.3"]
[White "Rabrenovic, Vladan"]
[Black "Topalov, Aleksandar"]
[Result "0-1"]
[WhiteElo "2302"]
[BlackElo "2228"]
[PlyCount "78"]
[EventDate "2020.10.10"]
[WhiteTeam "METALAC - G.Milanovac"]
[BlackTeam "OSK PARACIN - Paracin"]

1. d4 Nf6 2. c4 c5 3. d5 d6 4. Nc3 g6 5. e4 Bg7 6. h3 O-O 7. Bd3 Na6 8. Nge2 e6
9. O-O exd5 10. exd5 Nd7 11. f4 f5 12. a3 Nf6 13. Rb1 Re8 14. Ng3 Ng4 15. Nge2
Ne3 16. Bxe3 Rxe3 17. Qd2 Re8 18. Kh2 Bd7 19. Ng1 Nc7 20. Nf3 Qf6 21. Rfe1 Rxe1
22. Rxe1 Re8 23. Nd1 b6 24. Rxe8+ Nxe8 25. Qe2 h6 26. b3 Kf7 27. g3 Qa1 28. a4
Nf6 29. Nf2 Nh5 30. Qd2 Bd4 31. g4 Ng7 32. Nxd4 Qxd4 33. Kg3 h5 34. g5 h4+ 35.
Kf3 Nh5 36. Qe3 Qa1 37. Bc2 Qg1 38. Nd3 Qh1+ 39. Ke2 Ng3+ 0-1

[Event "PRVA LIGA CS 2020"]
[Site "Bajina basta"]
[Date "2020.10.11"]
[Round "2.3"]
[White "Dimitrijevic, Nenad"]
[Black "Colovic, Dusan"]
[Result "1/2-1/2"]
[WhiteElo "2142"]
[BlackElo "2255"]
[PlyCount "77"]
[EventDate "2020.10.10"]
[WhiteTeam "OSK PARACIN - Paracin"]
[BlackTeam "METALAC - G.Milanovac"]

1. e4 e6 2. d4 d5 3. Nc3 dxe4 4. Nxe4 Bd7 5. Bd3 Bc6 6. Nf3 Nd7 7. Qe2 Ngf6 8.
Neg5 Bxf3 9. Nxf3 Be7 10. O-O O-O 11. c4 c5 12. dxc5 Nxc5 13. Bc2 Qb6 14. b3
Rfd8 15. Bb2 Rd7 16. Ne5 Rd6 17. Bc3 a5 18. Rab1 Rad8 19. a3 Qc7 20. b4 axb4
21. axb4 Ncd7 22. c5 Rd5 23. Rfe1 Nxe5 24. Bxe5 Qc8 25. Red1 Rxd1+ 26. Rxd1
Rxd1+ 27. Qxd1 Nd5 28. Qd3 g6 29. Qb5 f6 30. Bb2 Qc6 31. Qc4 b6 32. Bd4 b5 33.
Qe2 Nxb4 34. Be4 Nd5 35. Qc2 Kf7 36. g3 f5 37. Bg2 Bf6 38. Bxf6 Kxf6 39. Qb2+
1/2-1/2

[Event "PRVA LIGA CS 2020"]
[Site "Bajina basta"]
[Date "2020.10.11"]
[Round "2.3"]
[White "Mijatovic, Dusan"]
[Black "Vujcic, Milena"]
[Result "1-0"]
[WhiteElo "2177"]
[BlackElo "2059"]
[PlyCount "69"]
[EventDate "2020.10.10"]
[WhiteTeam "METALAC - G.Milanovac"]
[BlackTeam "OSK PARACIN - Paracin"]

1. e4 e5 2. Nf3 Nc6 3. Bb5 a6 4. Ba4 Nf6 5. O-O Nxe4 6. d4 exd4 7. Re1 d5 8.
Nxd4 Bd6 9. Nxc6 Bxh2+ 10. Kh1 Qh4 11. Rxe4+ dxe4 12. Qd8+ Qxd8 13. Nxd8+ Kxd8
14. Kxh2 c5 15. Bb3 f5 16. Be3 b6 17. Nc3 Ra7 18. Nd5 Rb7 19. a4 a5 20. Rd1 Ke8
21. Bc4 Bd7 22. Ba6 Ra7 23. Nxb6 Bxa4 24. Nxa4 Rxa6 25. Nxc5 Rb6 26. Rd7 h6 27.
Ra7 Rg8 28. Nxe4 Rc6 29. Nc3 g5 30. Nd5 Rd6 31. c4 f4 32. Bc5 Rc6 33. Ba3 Rcg6
34. Ne7 R6g7 35. Ra8+ 1-0

[Event "I Liga Centralne Srbije"]
[Site "Bajina Bašta, Serbia"]
[Date "2020.10.11"]
[Round "2.4"]
[White "Delchev, Aleksander"]
[Black "Budisavljevic, Luka"]
[Result "0-1"]
[WhiteElo "2548"]
[BlackElo "2454"]
[Annotator "Knez"]
[PlyCount "70"]
[EventDate "2020.??.??"]
[TimeControl "90"]
[WhiteClock "0:02:39"]
[BlackClock "0:08:25"]

1. e4 {[%emt 0:00:00]} c5 {[%emt 0:00:00]} 2. Nf3 {[%emt 0:00:00]} e6 {[%emt 0:
00:00]} 3. g3 {[%emt 0:00:00]} d5 {[%emt 0:00:00]} 4. exd5 {[%emt 0:00:00]}
exd5 {[%emt 0:00:00]} 5. d4 {[%emt 0:00:00]} Nf6 {[%emt 0:00:00]} 6. Bg2 {
[%emt 0:00:00]} Be7 {[%emt 0:00:00]} 7. O-O {[%emt 0:00:00]} O-O {[%emt 0:00:
00]} 8. dxc5 {[%emt 0:00:00]} Bxc5 {[%emt 0:00:00]} 9. Nc3 {[%emt 0:00:00]} Nc6
{[%emt 0:00:00]} 10. a3 {[%emt 0:00:00]} Bg4 {[%emt 0:00:00]} 11. h3 {[%emt 0:
00:00]} Be6 {[%emt 0:00:00]} 12. b4 {[%emt 0:00:00]} Be7 {[%emt 0:00:00]} 13.
Bb2 {[%emt 0:00:00]} Qd7 {[%emt 0:00:00]} 14. Kh2 {[%emt 0:00:00]} Rad8 {
[%emt 0:00:00]} 15. Re1 {[%emt 0:00:00]} Rfe8 {[%emt 0:00:00]} 16. Nd4 {
[%emt 0:00:00]} h5 {[%emt 0:00:00]} 17. Nxe6 {[%emt 0:00:00]} fxe6 {[%emt 0:00:
00]} 18. Na4 {[%emt 0:00:00]} h4 {[%emt 0:00:00]} 19. c4 {[%emt 0:00:00]} hxg3+
{[%emt 0:00:00]} 20. fxg3 {[%emt 0:00:00]} d4 {[%emt 0:00:00]} 21. c5 {[%emt 0:
00:00]} Bf8 {[%emt 0:00:00]} 22. Rc1 {[%emt 0:00:00]} Ne7 {[%emt 0:00:00]} 23.
Qb3 {[%emt 0:00:00]} Nf5 {[%emt 0:00:00]} 24. c6 {[%emt 0:00:00]} Qf7 {[%emt 0:
00:00]} 25. c7 {[%emt 0:00:00]} Rc8 {[%emt 0:00:00]} 26. Bxb7 {[%emt 0:00:00]}
Rxc7 {[%emt 0:00:00]} 27. Bc6 {[%emt 0:00:00]} Rec8 {[%emt 0:00:00]} 28. b5 {
[%emt 0:00:00]} Bd6 {[%emt 0:00:00]} 29. Qxe6 {[%emt 0:00:00]} Bxg3+ {[%emt 0:
00:00]} 30. Kh1 {[%emt 0:00:00]} Bxe1 {[%emt 0:00:00]} 31. Qxf5 {[%emt 0:00:00]
} Bd2 {[%emt 0:00:00]} 32. Rd1 {[%emt 0:00:00]} Be3 {[%emt 0:00:00]} 33. Nc5 {
[%emt 0:00:00]} Rxc6 {[%emt 0:00:00]} 34. bxc6 {[%emt 0:00:00]} Rxc6 {[%emt 0:
00:00]} 35. Nd3 {[%emt 0:07:21]} Rc2 {[%emt 0:00:00]} 0-1